000 01015nam a2200229Ia 4500
999 _c5806
_d5806
003 OSt
005 20200702124644.0
008 191128s2001 ck fr 000 0 spa d
040 _aCO-JMCR
_cCO-JMCR
041 0 _aspa
082 0 4 _a336.14 /
_bC655p
_223
110 1 _aMedellín (Colombia)
_bConcejo Municipal
_96490
245 1 0 _aPasado presente y futuro del sistema de valorización /
_cConsejo de Medellín
260 _aMedellín :
_bConsejo de Medellín,
_c2001
300 _a84 páginas ;
_c28 cm.
505 0 _aPasado, presente y futuro del sistema de valorización -- Intervención del señor Presidente del Consejo de Medellín, José Leonardo Díaz Serna -- Interviene la señora Gerente (E) del Inval, doctora Victoria Eugenia Ramírez Vélez
650 1 4 _aValorización
_zMedellín (Colombia)
_96491
650 1 4 _aValorización
_xhistoria
_zMedellín (Colombia)
_96492
650 1 4 _aValorización
_xaspectos sociales
_96493
650 1 4 _aDesarrollo urbano
_zMedellín (Colombia)
_96494
942 _2ddc
_cBK